IFM Opac

Basic International Control (Record no. 1254)

MARC details
000 -LEADER
fixed length control field 00290nam a2200109Ia 4500
082 ## - DEWEY DECIMAL CLASSIFICATION NUMBER
Classification number 657.45 MAH
100 ## - MAIN ENTRY--PERSONAL NAME
Personal name Mahushi, Philip H.
9 (RLIN) 5774
245 ## - TITLE STATEMENT
Title Basic International Control
260 ## - PUBLICATION, DISTRIBUTION, ETC.
Place of publication, distribution, etc. Dar es Salaam
Name of publisher, distributor, etc. NBAA
Date of publication, distribution, etc. 1985
300 ## - PHYSICAL DESCRIPTION
Extent 1985
942 ## - ADDED ENTRY ELEMENTS (KOHA)
Koha item type Books
Holdings
Withdrawn status Lost status Damaged status Not for loan Collection code Home library Current library Shelving location Date acquired Source of acquisition Total Checkouts Full call number Barcode Date last seen Price effective from Koha item type
        Non-fiction IFM Main Campus Library IFM Main Campus Library Archival Collection 09/20/2021 Purchase   657.45 MAH 0000014537 11/11/2015 02/19/2022 Books
        Non-fiction IFM Main Campus Library IFM Main Campus Library Archival Collection 09/20/2021 Purchase   657.45 MAH 0000014670 11/11/2015 02/19/2022 Books